| 000 | 00651nam a2200229Ia 4500 | ||
|---|---|---|---|
| 001 | dia_4437 | ||
| 003 | OSt | ||
| 005 | 20221115134350.0 | ||
| 008 | 220601s9999 xx 000 0 und d | ||
| 040 | _amxchpua | ||
| 090 | _aFolleto 2355 | ||
| 100 |
_aCardenas Ramos, Francisco _9155809 |
||
| 245 | _aClasificación Preliminar de los Frijoles en México / Francisco Cardenas Ramos | ||
| 260 | _aMéxico : Inia | ||
| 300 | _a54 p. | ||
| 500 | _aS/c | ||
| 650 |
_a1. Frijol2. Frijol-MéxicoÌ _9176057 |
||
| 901 | _aFOLLETO 2355 | ||
| 902 | _aM | ||
| 905 | _a0000001984 mx A 0000000000spa00 | ||
| 942 |
_cFOLL _2local |
||
| 999 |
_c209502 _d209502 |
||